Zpívající klavír cyklus snadných skladeb /
| Main Author: | Vačkář, Dalibor C., 1906-1984 |
|---|---|
| Language: | No linguistic content |
| Published: |
Praha : Panton, 1979 |
| Edition: | 1. vyd. |
| Physical Description: |
15 s. |
| LEADER | 00849ncm a2200229 a 4500 | ||
|---|---|---|---|
| 001 | 000683426 | ||
| 003 | CZ BrMZK | ||
| 005 | 20120302094259.0 | ||
| 007 | qu | ||
| 008 | 030822s1979 xr f zxx d | ||
| 040 | |a BOA001 |b cze | ||
| 072 | 7 | |a 786 |x Hudba pro klávesové nástroje |2 Konspekt |9 9 | |
| 100 | 1 | |a Vačkář, Dalibor C., |d 1906-1984 |7 jz8001348 |4 cmp | |
| 245 | 1 | 0 | |a Zpívající klavír |h [hudebnina] : |b cyklus snadných skladeb / |c Dalibor C. Vačkář |
| 250 | |a 1. vyd. | ||
| 260 | |a Praha : |b Panton, |c 1979 | ||
| 300 | |a 15 s. | ||
| 910 | |a BOA001 |b PK-N-0020.116 |b Mus4-0808.740 | ||
| 964 | |a Klavír - skladby snadné | ||
| 990 | |a MU | ||
| 996 | 7 | |b 2619073815 |c Mus4-0808.740 |l MZK |r Sklad / do 1 hodiny |n 0 |w 000683426 |u 000020 |a 1 |e BOA001 |j MZK50 |s A | |
| 996 | 7 | |b 3119646909 |c PK-N-0020.116 |l MZK |r Sklad / do 1 hodiny |n 0 |w 000683426 |u 000010 |a 1 |e BOA001 |j MZK50 |s A | |
English
Čeština 